000 00743nam a2200229 i 4500
001 7211
003 ES-MaACL
005 20250826042747.0
007 t|
008 901009s1989 sp |||| | spa d
020 _a84-7088-487-5
080 _a35
100 1 _aSubirats, Joan.
_9108698
245 1 0 _aAnálisis de políticas públicas y eficacia de la administración /
_cJoan Subirats.
260 _aMadrid :
_bInstituto Nacional de Adminstración Pública,
_c1989.
300 _a184 p. ;
_c21 cm.
504 _aBibliografía: p. 175-184.
651 7 _aEspaña-
_xAdministración
_2
_9148152
710 2 _aInstituto Nacional de Administración Pública (España)
_95139
852 _aES-MaACL
_jL-14356
999 _c7211
_d7211